GPS based personnel location system (PLS) using HF /VHF links / (Record no. 183096)
[ view plain ]
| 000 -LEADER | |
|---|---|
| fixed length control field | 00502 a2200169 4500 |
| 003 - CONTROL NUMBER IDENTIFIER | |
| control field | NUST |
| 005 - DATE AND TIME OF LATEST TRANSACTION | |
| control field | 20251021103246.0 |
| 040 ## - CATALOGING SOURCE | |
| Transcribing agency | Nust |
| 082 ## - DEWEY DECIMAL CLASSIFICATION NUMBER | |
| Classification number | 621.382,ZAF |
| 100 ## - MAIN ENTRY--PERSONAL NAME | |
| Personal name | Zafar, Ahsin Gc (TE--37/TCC-12) |
| 9 (RLIN) | 131299 |
| 245 ## - TITLE STATEMENT | |
| Title | GPS based personnel location system (PLS) using HF /VHF links / |
| Statement of responsibility, etc. | Gc Ahsin Zafar Gc Tayyab Tariq & GC Sajid Naveed |
| 260 ## - PUBLICATION, DISTRIBUTION, ETC. | |
| Place of publication, distribution, etc. | Rawalpindi |
| Name of publisher, distributor, etc. | MCS |
| Date of publication, distribution, etc. | 2004 |
| 300 ## - PHYSICAL DESCRIPTION | |
| Extent | 176 p |
| 650 ## - SUBJECT ADDED ENTRY--TOPICAL TERM | |
| Topical term or geographic name entry element | UG Projects |
| 9 (RLIN) | 98716 |
| 651 ## - SUBJECT ADDED ENTRY--GEOGRAPHIC NAME | |
| Geographic name | TE--37/TCC-12 |
| 9 (RLIN) | 131300 |
| 942 ## - ADDED ENTRY ELEMENTS (KOHA) | |
| Koha item type | Project Report |
| Source of classification or shelving scheme | |
| Withdrawn status | Lost status | Source of classification or shelving scheme | Damaged status | Not for loan | Permanent Location | Current Location | Shelving location | Date acquired | Full call number | Barcode | Date last seen | Price effective from | Koha item type | Public note |
|---|---|---|---|---|---|---|---|---|---|---|---|---|---|---|
| Military College of Signals (MCS) | Military College of Signals (MCS) | Reference | 12/12/2016 | 621.382,ZAF | MCSPTE-106 | 12/08/2016 | 12/12/2016 | Project Report | Almirah No.90, Shelf No.2 |
